Cabinet of the United States - Statistics

General Stats
  • This quiz has been taken 9 times
  • The average score is 17 of 35
Answer Stats
Status Last Year in Cabinet Officer % Correct
Cabinet Officials Permanent Secretary of Defense
100%
Cabinet Officials Permanent Secretary of the Interior
100%
Cabinet Officials Permanent Attorney General
89%
Cabinet Officials Permanent Secretary of Homeland Security
89%
Cabinet Officials Permanent Secretary of State
89%
Cabinet-Level Officials Current Vice President
89%
Cabinet Officials Permanent Secretary of Education
78%
Cabinet Officials Permanent Secretary of Health and Human Services
78%
Cabinet Officials Permanent Secretary of Labor
78%
Cabinet Officials Permanent Secretary of the Treasury
78%
Cabinet-Level Officials Current Administrator of the Environmental Protection Agency
67%
Cabinet Officials Permanent Secretary of Agriculture
67%
Cabinet Officials Permanent Secretary of Commerce
67%
Cabinet Officials Permanent Secretary of Energy
67%
Cabinet Officials Permanent Secretary of Housing and Urban Development
67%
Cabinet Officials Permanent Secretary of Transportation
67%
Cabinet-Level Officials Current White House Chief of Staff
67%
Former Cabinet-Level Officials 1949 Secretary of the Air Force
56%
Former Cabinet-Level Officials 1949 Secretary of the Army
56%
Former Cabinet-Level Officials 1949 Secretary of the Navy
56%
Cabinet Officials Permanent Secretary of Veterans Affairs
56%
Cabinet-Level Officials Current Director of the Central Intelligence Agency
44%
Former Cabinet-Level Officials 1981 National Security Advisor
33%
Cabinet-Level Officials Current Administrator of the Small Business Administration
22%
Cabinet-Level Officials Current Director of National Intelligence
22%
Former Cabinet-Level Officials 1971 Postmaster General
22%
Cabinet-Level Officials Current Trade Representative
22%
Former Cabinet-Level Officials 2025 Ambassador to the United Nations
11%
Cabinet-Level Officials Current Director of the Office of Management and Budget
11%
Former Cabinet-Level Officials 2025 Chair of the Council of Economic Advisors
0%
Former Cabinet-Level Officials 1993 Counselor to the President
0%
Former Cabinet-Level Officials 2001 Director of the Federal Emergency Management Agency
0%
Former Cabinet-Level Officials 2009 Director of the Office of National Drug Control Policy
0%
Former Cabinet-Level Officials 2025 Director of the Office of Science and Technology Policy
0%
Former Cabinet-Level Officials 1977 White House Counsel
0%
No matching quizzes found
Score Distribution
Percent of People with Each Score
Percentile by Number Answered
Your Score History
You have not taken this quiz